000 00768nam a2200229Ia 4500
003 OSt
005 20220926005332.0
006 a|||||r|||| 00| 0
007 ta
008 220923b |||||||| |||| 00| 0 eng d
020 _a9788183872881
_c552.5
037 _b35, 24/09/2009, Indu Book Services
_cGeneral Book
040 _aRTL
_cRTL
_beng
041 _2eng
_aeng
082 _aY49(J):4511.2.P, P9
100 _aKUMARI B. Ratna
_939215
245 0 _aFarmer's suicides in India
_b Impact on women.
260 _a New Delhi
_bSerials Publications
_c2009
300 _axiii, 186p Bibliography: P 174-78
_ccm.
942 _hY49(J):4511.2.P, P9
_cGB
_2CC
999 _c613513
_d613513